000 00614nam a2200241Ia 4500
003 OSt
005 20221007081659.0
006 a|||||r|||| 00| 0
007 ta
008 221006b |||||||| |||| 00| 0 eng d
024 _a27,333
037 _cTextual
040 _aFLL
_cFLL
_beng
041 _2eng
_aeng
082 _aZ52xD5, E3
100 _aMoyle J.B.
_9697844
245 0 _aInstitutes of justinian
250 _a5th
260 _aOxford
_bClarendon Press Oxford
_c1913
300 _aviii,1-220p
_ccm.
942 _hZ52xD5, E3
_cTEXL
_2CC
999 _c1163940
_d1163940